|
|
|
|
| LEADER |
01300nab#a2200337#ar4500 |
| 001 |
000065813 |
| 003 |
SVKKK |
| 005 |
19971023xxxxxxx. |
| 008 |
06 c xo huno |
| FMT |
|
|
|
| 038 |
|
|
|a SVKKK
|
| 040 |
|
|
|a SVKKK
|b slo
|e AACR2
|
| 041 |
0 |
|
|a hun
|
| 044 |
|
|
|a xo
|c SK
|
| 080 |
|
|
|a 336.2
|
| 100 |
0 |
|
|a (G.K.)
|4 aut
|
| 242 |
1 |
0 |
|a Vymenovania do zdaňovej komisie
|
| 245 |
1 |
0 |
|a Kinevezések az adókivető bizottságokba
|c (G.K.)
|
| 520 |
2 |
|
|a Prehľady členov zdaňovacích komisií v obvodoch Rimavská Sobota, Tornaľa, Rožňava - a Revúca na obdobie rokov 1917 - 1919. V Rožňave boli zvolení: Fridrich (Frigyes) Markó, obchodník a advokát Dr. Ignác Stromp, ako riadni členovia a ako náhradníci: Juraj (György) Lipták a Ondrej (Andor) Aczél miestni remeselníci.
|
| 650 |
0 |
4 |
|a komisia zdaňovacia - roky 1917-1919 (obdobie) - Rimavská Sobota (SS) - Tornaľa (SS) - Rožňava - Revúca (RV) - obvody - február 1917 - členovia novovymenovaní - prehľady
|
| 773 |
0 |
|
|t Sajó-Vidék : Vegyestartalmú hetilap
|g Roč. 20, č. 5 (01.02.1917) s. 3
|
| 957 |
|
|
|a Revúca
|
| 957 |
|
|
|a Rimavská Sobota
|
| 957 |
|
|
|a Rožňava
|
| 957 |
|
|
|a Tornaľa
|
| 958 |
|
|
|a DG
|
| 958 |
|
|
|a SK
|
| 974 |
|
|
|a ebl
|d 19971023
|
| 992 |
|
|
|a RBX
|
| BAS |
|
|
|
| 998 |
|
|
|a RETRO
|